[Event "Primorsko Dyuni op 1st"]
[Site "Primorsko"]
[Date "2016.05.21"]
[Round "1"]
[White "Ivanov, Ivan Mikov"]
[Black "Nikolov, Petar Vasilev"]
[Result "1-0"]
[WhiteElo "2065"]
[BlackElo "1709"]
[PlyCount "105"]
[EventDate "2016.05.21"]
[EventType "swiss"]
[EventRounds "7"]
[EventCountry "BUL"]
[SourceTitle "CBM 172 Extra"]
[Source "ChessBase"]
[SourceDate "2016.06.21"]
[SourceVersion "1"]
[SourceVersionDate "2016.06.21"]
[SourceQuality "1"]

1. d4 d5 2. Nf3 Nc6 3. e3 Nf6 4. c3 e6 5. Bd3 Be7 6. 0-0 0-0 7. Re1 a6 8. Nbd2 Bd7 9. e4 dxe4 10. Nxe4 Rc8 11. Qc2 h6 12. h3 Qe8 13. Bd2 Nd5 14. Qc1 f5 15. Ng3 Qf7 16. a3 Bd6 17. c4 Nf6 18. Ne5 Bxe5 19. dxe5 Ne8 20. f4 Nd4 21. Qc3 c5 22. Be3 Qg6 23. Kh2 Bc6 24. Bxd4 cxd4 25. Qxd4 h5 26. Qf2 Nc7 27. Red1 b5 28. cxb5 axb5 29. Rd2 Nd5 30. Nf1 Qh6 31. g3 h4 32. Ne3 hxg3+ 33. Kxg3 Ne7 34. Nc2 Ng6 35. Rf1 Kf7 36. Kh2 Rh8 37. Qg3 Rcd8 38. Nb4 Be4 39. Re2 Bxd3 40. Nxd3 Rd4 41. Ref2 Rhd8 42. Nc5 Ne7 43. Nb7 R8d5 44. Nd6+ Kg8 45. Rg2 Rd3 46. Rf3 Rd2 47. Ne8 Rxg2+ 48. Qxg2 Rd4 49. Qf2 Rd8 50. Nc7 Nd5 51. Nxb5 Qh5 52. Nd6 Qh6 53. b4 1-0

[Event "Stara Zagora Beroe op 2nd"]
[Site "Stara Zagora"]
[Date "2016.02.21"]
[Round "6"]
[White "Banev, Simeon"]
[Black "Nikolov, Petar Vasilev"]
[Result "0-1"]
[WhiteElo "1420"]
[BlackElo "1728"]
[PlyCount "44"]
[EventDate "2016.02.20"]
[EventType "swiss"]
[EventRounds "6"]
[EventCountry "BUL"]
[SourceTitle "CBM 171 Extra"]
[Source "ChessBase"]
[SourceDate "2016.04.26"]
[SourceVersion "1"]
[SourceVersionDate "2016.04.26"]
[SourceQuality "1"]

1. d4 e6 2. Bf4 d6 3. Nf3 Nf6 4. c3 c6 5. Nbd2 Be7 6. h3 0-0 7. e4 Nbd7 8. Bh2 c5 9. Bd3 b6 10. 0-0 Bb7 11. Re1 g6 12. Nc4 Ne8 13. Qc2 Rc8 14. Re2 b5 15. Nxd6 Nxd6 16. Bxd6 Bxd6 17. Bxb5 cxd4 18. Nxd4 Bb8 19. Rd1 Qc7 20. g3 Ne5 21. Ba4 Rfd8 22. Bb3 Rxd4 0-1

[Event "Stara Zagora Beroe op 2nd"]
[Site "Stara Zagora"]
[Date "2016.02.21"]
[Round "4"]
[White "Nikolov, Petar Vasilev"]
[Black "Ramadanov, Esat"]
[Result "1-0"]
[WhiteElo "1728"]
[BlackElo "1605"]
[PlyCount "61"]
[EventDate "2016.02.20"]
[EventType "swiss"]
[EventRounds "6"]
[EventCountry "BUL"]
[SourceTitle "CBM 171 Extra"]
[Source "ChessBase"]
[SourceDate "2016.04.26"]
[SourceVersion "1"]
[SourceVersionDate "2016.04.26"]
[SourceQuality "1"]

1. f4 Nf6 2. Nf3 g6 3. e3 Bg7 4. Be2 0-0 5. 0-0 d6 6. d3 Bg4 7. c3 c6 8. Kh1 Nbd7 9. Nbd2 Nd5 10. Ne4 Qb6 11. d4 Bf5 12. Ng3 Bg4 13. h3 Bxf3 14. Bxf3 N5f6 15. e4 e5 16. f5 Rad8 17. b3 exd4 18. cxd4 c5 19. Bb2 Ne8 20. dxc5 dxc5 21. Bxg7 Nxg7 22. Qc2 Qc7 23. Qf2 Ne5 24. Rad1 Nd3 25. Qe3 Nb2 26. Rxd8 Rxd8 27. Be2 Qe5 28. Qf3 c4 29. fxg6 hxg6 30. Qxf7+ Kh7 31. Rf4 1-0